000 00935nam a2200325Ia 4500
003 OSt
005 20220912151451.0
006 a|||||r|||| 00| 0
007 ta
008 220909b |||||||| |||| 00| 0 eng d
020 _a0471924164 (hbd)
024 _a2789
037 _bPage,
037 _cTextual
040 _aCSL
_beng
_cCSL
041 _aeng
082 _aB2871, N4
100 _aBernardo Jose M
245 0 _aBayesian theory
260 _aChichester
_bJohn Wiley Sons
_c1994
300 _a586p
490 _aWiley series in probability and mathematical statistics
500 _aBibliographical references 489-554p.
_ccm.; Index 555-585p.
_ccm.
650 _a Sequential Analysis
650 _a Statistical Decision Theory
650 _aStatistics
700 _a Smith Adrian F M
942 _hB2871, N4
_cTEXL
_2CC
999 _c69195
_d69195